Crop protection in Malaysia: Proceedings (Record no. 22667)
[ view plain ]
| 000 -LEADER | |
|---|---|
| fixed length control field | 00623nam a2200193Ia 4500 |
| 082 ## - DEWEY DECIMAL CLASSIFICATION NUMBER | |
| Classification number | 632.9:633(595)1970 |
| Item number | WAS |
| 100 ## - MAIN ENTRY--AUTHOR NAME | |
| Personal name | WASTIE, R L |
| 245 #0 - TITLE STATEMENT | |
| Title | Crop protection in Malaysia: Proceedings |
| 260 ## - PUBLICATION, DISTRIBUTION, ETC. (IMPRINT) | |
| Place of publication | Malaysia |
| Name of publisher | Incorporated Soc of planters |
| Year of publication | 1971 |
| 505 ## - FORMATTED CONTENTS NOTE | |
| Formatted contents note | Porceedings of the conference held at Kuala Lumpur 15-17 November 1970 edited by R L Wastie and Wood B J |
| 650 ## - SUBJECT ADDED ENTRY--TOPICAL TERM | |
| Topical Term | Crop protection |
| 650 ## - SUBJECT ADDED ENTRY--TOPICAL TERM | |
| Topical Term | Herbicide sprayin |
| 650 ## - SUBJECT ADDED ENTRY--TOPICAL TERM | |
| Topical Term | Hevea disease control |
| 650 ## - SUBJECT ADDED ENTRY--TOPICAL TERM | |
| Topical Term | Rubber weeds |
| 650 ## - SUBJECT ADDED ENTRY--TOPICAL TERM | |
| Topical Term | Weed control |
| 700 ## - ADDED ENTRY--PERSONAL NAME | |
| Personal name | WOOD, B J |
| 942 ## - ADDED ENTRY ELEMENTS (KOHA) | |
| Koha item type | Books |
| Withdrawn status | Lost status | Damaged status | Not for loan | Home library | Current library | Date acquired | Full call number | Accession Number | Koha item type |
|---|---|---|---|---|---|---|---|---|---|
| RRII Library | RRII Library | 16/12/2021 | 632.9:633(595)1970 WAS | 03387 | Books |